00317nam a2200121Ia 4500003000400000005001700004008004100021020001900062040002700081100002600108245004300134260001800177OSt20240330102100.0170523s9999 xx 000 0 und d a978-9332549913 cIIMT UNIVERSITY MEERUT aGayakwad- Ramakant A. 0aOp-Amps and Linear Integrated Circuits aPHI New Delhi